| 000 | 01267nam0a22003131 4500 | ||
|---|---|---|---|
| 001 | rc\113142 | ||
| 005 | 20260405133254.0 | ||
| 010 |
_a5-85585-252-0 _930000 |
||
| 035 | _a(NLR Aleph) 005397650 | ||
| 090 |
_a7243311 _c7243310 |
||
| 100 | _a20021216d1995 |||y0rusy50 ca | ||
| 101 | 0 | _arus | |
| 102 | _aRU | ||
| 105 | _ay ||||||||| | ||
| 200 | 1 |
_aЖенская философия _e[Повести. Роман] _fОлег Суворов |
|
| 210 |
_aМ. _cЭКСМО _d1995 |
||
| 215 |
_a361, [2] с. _d21 |
||
| 225 | 1 | _aРусский бестселлер | |
| 327 | 1 | _aСодерж.: Хромой Бес в Москве: Роман; Повести: Злой город; Женская философия | |
| 464 | 0 |
_12001#$aХромой Бес в Москве _tХромой Бес в Москве |
|
| 464 | 0 |
_12001#$aЗлой город _tЗлой город |
|
| 464 | 0 |
_12001#$aЖенская философия _tЖенская философия |
|
| 700 | 1 |
_8rus _7ca _aСуворов _bО. В. _cписатель, канд. филос. наук _f1959- _gОлег Валентинович _3RU\NLR\AUTH\7753987 _936919 |
|
| 801 | 0 |
_aRU _bNLR _gpsbo |
|
| 801 | 1 |
_aRU _bELAR _2rusmarc |
|
| 852 |
_aNLR _j96-3/452 |
||
| 942 | _cBOOK | ||
| 980 | _aNB | ||